000
00313nam a2200121Ia 4500
008
190216s9999||||xx |||||||||||||| ||und||
100
_a
Sarkar S C
245
0
_a
Hindustan Year Book And Who`S Who-1968
260
_b
Mc Sarkar & Son Pvt Ltd
_c
1968
300
_a
820p
650
_a
General Collections
942
_c
REF
999
_c
35153
_d
35153